MARC

LEADER 00000nam0a2200000 4500
001 100972
005 20231031112355.0
035 |a (RuTPU)RU\TPU\book\108689 
090 |a 100972 
100 |a 20060830d1976 k y0rusy50 ca 
101 0 |a rus 
102 |a RU 
105 |a y a 001zy 
200 1 |a Сложные алмазоподобные полупроводники и родственные соединения  |e библиографический указатель  |h 1969 - 1973  |f Библиотека Академии наук СССР; Физико-технический институт им. А. Ф. Иоффе; сост. Ю. М. Бурт; отв. ред. В. Д. Прочухан 
210 |a Ленинград  |c Библиотека АН СССР  |d 1976 
215 |a 341 с. 
320 |a Имен. указ.: с. 293 - 320. 
610 1 |a полупроводники 
610 1 |a алмазоподобные полупроводники 
610 1 |a химические свойства 
610 1 |a физические свойства 
610 1 |a кристаллохимия 
610 1 |a бинарные соединения 
610 1 |a тройные соединения 
610 1 |a нитриды 
610 1 |a фосфиды 
610 1 |a арсениды 
610 1 |a антимониды 
610 1 |a сульфиды 
610 1 |a селениды 
610 1 |a теллуриды 
610 1 |a оксиды 
610 1 |a дефектные соединения 
610 1 |a прустит 
610 1 |a пираргирит 
610 1 |a четверные соединения 
610 1 |a сложные соединения 
610 1 |a стеклообразные полупроводники 
610 1 |a жидкие полупроводники 
610 1 |a аморфные полупроводники 
610 1 |a библиографические указатели 
675 |a 621.315  |v 3 
686 |a Я19  |v LBC/SL-A  |2 rubbk 
702 1 |a Бурт  |b Ю. М.  |4 220 
702 1 |a Прочухан  |b В. Д.  |4 340 
712 0 2 |a Академия наук СССР (АН СССР)  |b Физико-технический институт им. А. Ф. Иоффе (ФТИ)  |c (Ленинград)  |2 stltpush  |3 (RuTPU)RU\TPU\col\12056 
712 0 2 |a Академия наук СССР (АН СССР)  |b Библиотека (БАН)  |c (Ленинград)  |2 stltpush  |3 (RuTPU)RU\TPU\col\343 
801 1 |a RU  |b 63413507  |c 20060830  |g PSBO 
801 2 |a RU  |b 63413507  |c 20111020  |g PSBO 
942 |c BK